01766nam a2200241Ia 4500001000600000003000900006008004100015040001300056040001300069041001300082100001500095100002900110245006700139245006600206250001100272260001200283260001000295260004900305300005600354500105700410650002601467650003101493B4341IT-RoPAU130308s9999 xx 000 0 und d aIT-RoPAU cIT-RoPAU aITALIANO aNeri Luigi gCodice Aut. SPICS: 38256 aGeorge Berkeley-Filosofia e critica dei linguaggi scientifici bGeorge Berkeley-Filosofia e Critica dei Linguaggi Scientifici a1a ed. aBOLOGNA bClueb c1991 [1° Ed.:1991 - Ed.Ling.Originale:1991] a"256 p. (prefazione: 14; testo: 242 [pagine: 0-0])" aPresentazione di Antonio Santucci. Percezioni e Mente. Idee Generali e Linguaggio: Epistemologia dell'Alcifrone. Matematismo e Mentalismo. prove dell'Immaterialismo. istituzioni Divine: Deus Ex Machina, Segni Naturali e manifesto ideologico di Berkeley, Realtà e Apparenza, Meccanismi. Filosofia e Conoscenza Scientifica. geometria del Sensibile: Spazio delle Percezioni Sensibili, Teoria dei Minimi. Teoria della Visione: Vista e Tatto, Teoria Applicata Alla soluzione di Alcuni Problemi dell'Ottica. Metafisica e meccanica Dai commentari Filosofici al De Motu: Struttura e Tematiche, corpi Spazioe Movimento, secchio Rotante, Epistemologia del De Motu e Statuto degli Enti Matematici. Analista Ovvero Errori logici dei Matematici: Matematica Logica e Filosofia, molteplici indirizzi dell'Analisi Infinitesimale al Tempo di Berkeley, Errori degli Analisti, Applicazioni del calcolo e compensazione degli Errori, Risposte a Jurin e Walton. La Siris: saggezza Metafisica e Acqua di Catrame, Dall'Ottica di Newton Alle sorgenti del Nilo. Bibliografia. aFILOSOFIA LINGUISTICA eCodice materia Spics: 3101